Riddle Me This Quiz Stats

 Plays Quiz not verified by Sporcle

Challenge
Share
Tweet
Embed
Score 0/12 Timer 10:00
0 Plays Today
% Correct
E
58.6%
A River
55.2%
The Wind
17.2%
A Hole
10.3%
Stars
10.3%
A coat of paint
6.9%
A library
6.9%
SWIMS
6.9%
Footprints
6.9%
A Mirror
6.9%
Dozens
6.9%
Watermelon
3.4%

You're not logged in!

Compare scores with friends on all Sporcle quizzes.
Join for Free
OR
Log In

You Might Also Like...

Show Comments

Extras

Created Apr 22, 2010ReportNominate
Tags:riddle

Top Quizzes Today


Score Distribution

Your Account Isn't Verified!

In order to create a playlist on Sporcle, you need to verify the email address you used during registration. Go to your Sporcle Settings to finish the process.

Report this User

Report this user for behavior that violates our Community Guidelines.

Details: